Nature and properties of soils (Record no. 13125)

MARC details
000 -LEADER
fixed length control field 00484nam a2200181Ia 4500
008 - FIXED-LENGTH DATA ELEMENTS--GENERAL INFORMATION
fixed length control field 230917s9999||||xx |||||||||||||| ||und||
020 ## - ISBN
Price RS1095
040 ## - CATALOGING SOURCE
-- 221653
Original cataloging agency VIVEKANANDA LIBRARY
041 ## - Language
-- English
082 ## - DDC NUMBER
Classification number 631.4 B729E(14)
100 ## - MAIN ENTRY--PERSONAL NAME
Personal name Brady, Nyle C
245 #0 - TITLE STATEMENT
Title Nature and properties of soils
250 ## - EDITION STATEMENT
Edition statement 14th ed.
260 ## - PUBLICATION, DISTRIBUTION, ETC. (IMPRINT)
Place of publication, distribution, etc New Delhi
Name of publisher, distributor, etc Dorling Kindersley (India)
Date of publication, distribution, etc 2014
300 ## - PHYSICAL DESCRIPTION
Pages 1046 p.
500 ## - GENERAL NOTE
General note 1753 02/01/2015 HBD6260 27/01/2015 Main Budget
942 ## - ADDED ENTRY ELEMENTS (KOHA)
Koha item type Books
Holdings
Withdrawn status Lost status Damaged status Not for loan Location (home branch) Sublocation or collection (holding branch) Date acquired Koha issues (times borrowed) Koha full call number Accession No. Koha date last seen Koha item type
        VIVEKANANDA LIBRARY VIVEKANANDA LIBRARY 18/02/2015   631.4 B729E(14) 337466 17/09/2023 Books
        VIVEKANANDA LIBRARY VIVEKANANDA LIBRARY 18/02/2015   631.4 B729E(14) 337467 17/09/2023 Books
© Designed and Maintained by Vivekananda Library, MDU Rohtak